YELLOWSTONE & GRAND TETON NATIONAL PARKS / (Record no. 202716)

MARC details
000 -LEADER
fixed length control field 01742nam a2200385 i 4500
003 - CONTROL NUMBER IDENTIFIER
control field PPAK
005 - DATE AND TIME OF LATEST TRANSACTION
control field 20260113121316.0
008 - FIXED-LENGTH DATA ELEMENTS--GENERAL INFORMATION
fixed length control field 260113t20242003vraabo er 001 0 eng d
020 ## - INTERNATIONAL STANDARD BOOK NUMBER
International Standard Book Number 9781838699819
Terms of availability RM 115.95
Qualifying information paperback
040 ## - CATALOGING SOURCE
Original cataloging agency PPAK
Language of cataloging eng
Transcribing agency PPAK
Description conventions rda
082 04 - DEWEY DECIMAL CLASSIFICATION NUMBER
Edition number 23
Classification number 917.87520434
090 00 - LOCALLY ASSIGNED LC-TYPE CALL NUMBER (OCLC); LOCAL CALL NUMBER (RLIN)
Classification number (OCLC) (R) ; Classification number, CALL (RLIN) (NR) 917.87520434
Feature heading STL
Feature heading R
100 1# - MAIN ENTRY--PERSONAL NAME
Personal name St. Louis, Regis,
Relator term author.
245 10 - TITLE STATEMENT
Title YELLOWSTONE & GRAND TETON NATIONAL PARKS /
Statement of responsibility, etc. Regis St Louis
250 ## - EDITION STATEMENT
Edition statement 7th edition
264 #1 - PRODUCTION, PUBLICATION, DISTRIBUTION, MANUFACTURE, AND COPYRIGHT NOTICE
Place of production, publication, distribution, manufacture [Carlton, Victoria] :
Name of producer, publisher, distributor, manufacturer Lonely Planet Global Limited,
Date of production, publication, distribution, manufacture, or copyright notice 2024
Date of production, publication, distribution, manufacture, or copyright notice ©2003
300 ## - PHYSICAL DESCRIPTION
Extent 264 pages :
Other physical details colour illustrations, colour photographs, colour maps ;
Dimensions 22 cm
336 ## - CONTENT TYPE
Content type term text
Source rdacontent
Content type term still image
Source rdacontent
337 ## - MEDIA TYPE
Media type term unmediated
Source rdamedia
338 ## - CARRIER TYPE
Carrier type term volume
Source rdacarrier
490 1# - SERIES STATEMENT
Series statement lonely planet
500 ## - GENERAL NOTE
General note Includes index
General note "Geyser guides -- Wildlife watching -- Hiking features."--Cover page
520 ## - SUMMARY, ETC.
Summary, etc. Lonely Planet's Yellowstone and Grand Teton National Parks is your passport to the most relevant, up-to-date advice on what to see and skip, and what hidden discoveries await you. Watch Old Faithful erupt, spot wildlife and climb Mt Teton; all with your trusted travel companion. Get to the heart of Yellowstone and Grand Teton National Parks and begin your journey now!<br/>
650 10 - SUBJECT ADDED ENTRY--TOPICAL TERM
Topical term or geographic name entry element National parks
Geographic subdivision Wyoming
Form subdivision Guidebooks
Topical term or geographic name entry element National parks
Geographic subdivision Wyoming
General subdivision Description and travel
Topical term or geographic name entry element National parks
Geographic subdivision Idaho
Form subdivision Guidebooks
Topical term or geographic name entry element National parks
Geographic subdivision Idaho
General subdivision Description and travel
651 #0 - SUBJECT ADDED ENTRY--GEOGRAPHIC NAME
Geographic name Yellowstone National Park
General subdivision Description and travel
Form subdivision Guidebooks
655 #7 - INDEX TERM--GENRE/FORM
Genre/form data or focus term Guidebooks
830 #0 - SERIES ADDED ENTRY--UNIFORM TITLE
Uniform title lonely planet
942 ## - ADDED ENTRY ELEMENTS (KOHA)
Source of classification or shelving scheme Dewey Decimal Classification
Koha item type Book
Holdings
Withdrawn Not for loan Current library Shelving location Date acquired Total Checkouts Full call number Barcode Date last seen Koha item type
  Not For Loan Perpustakaan Alor Setar Rujukan Dewasa 21/01/2026   R 917.87520434 STL A01900603 21/01/2026 Book
  Not For Loan Perpustakaan Awam Sungai Petani Rujukan Dewasa 21/01/2026   R 917.87520434 STL A01900604 21/01/2026 Book
  Not For Loan Perpustakaan Kulim Rujukan Dewasa 21/01/2026   R 917.87520434 STL A01900605 21/01/2026 Book